000
00326nam a22001457a 4500
003
SGT
082
_a
617.51, R13K
100
_a
KIRTANE, MILIND V.
245
_a
RHINOLOGY AND ENDOSCOPIC SKULL BASIC SURGERY
250
_a
1ST
260
_a
INDIA
_b
THIEME PUB.
_c
2013
300
_a
272
650
_a
SURGERY
942
_2
ddc
_c
BK
999
_c
8403
_d
8403